000 00787nam a2200265 i 4500
001 bg
100 1 _aMaier, Thomas.
245 1 0 _aModelowanie komfortu termiczno-wilgotnościowego i psychofizycznego w nowoczesnych domach mieszkalnych /
_cThomas Maier, Jacek Tejchman.
260 _aGdańsk :
_bWydawnictwo Politechniki Gdańskiej,
_c2006.
300 _a72 s. :
_bil. ;
_c25 cm.
504 _aBibliogr. s. 55-56.
650 9 _aBudownictwo jednorodzinne
_xhigiena
650 9 _aOgrzewanie
650 9 _aWentylacja
700 1 _aTejchman, Jacek.
015 _aPB 616/2007
020 _a8373481532
040 _cBPK
041 0 _apol
044 _aPOL
080 _a613.5:697::728.3
920 _a83-7348-153-2
942 _cKS
008 060727s2006 pl a f |000 0 pol c
999 _c54117
_d54117
856 _uhttp://koha.tu.koszalin.pl/cgi-bin/koha/opac-detail.pl?biblionumber=54117
_yKatalog online BPK